000 00421nam a22001097a 4500
082 _a370/ARO
100 _aअरोड़ा, पंकज , उषा शर्मा
_983988
245 _aशिक्षा नीति 2020 रचनात्मक सुधारों की ओर
260 _aदिल्ली
_bशिप्रा पब्लिकेशन
_c2023
650 _aशिक्षा
942 _cHIN
999 _c69006
_d69006